Central Library OPAC University of Rajshahi

Independence and partition : (Record no. 56061)

MARC details
000 -LEADER
fixed length control field 01106nam a2200325 a 4500
001 - CONTROL NUMBER
control field 56061
003 - CONTROL NUMBER IDENTIFIER
rucl marc code BD-RjUL
005 - DATE AND TIME OF LATEST TRANSACTION
control field 20211209080340.0
008 - FIXED-LENGTH DATA ELEMENTS--GENERAL INFORMATION
fixed length control field 161126s2000 enka 001 0 eng
020 ## - INTERNATIONAL STANDARD BOOK NUMBER
International Standard Book Number 0761993673
International Standard Book Number 0761993681
International Standard Book Number 8170368359
International Standard Book Number 8170368367
035 ## - SYSTEM CONTROL NUMBER
System control number (BD-RjUL) 56185
040 ## - CATALOGING SOURCE
Original cataloging agency DLC
Language of cataloging eng
Transcribing agency DLC
Modifying agency BD-RjUL
-- DLC
041 ## - LANGUAGE CODE
Language code of text/sound track or separate title eng
082 04 - DEWEY DECIMAL CLASSIFICATION NUMBER
Edition number 23
Classification number 954.0359
Author mark and year MAI 2000
100 1# - MAIN ENTRY--PERSONAL NAME
Personal name Mahajan, Sucheta,
Dates associated with a name 1958-
9 (RLIN) 166896
245 10 - TITLE STATEMENT
Title Independence and partition :
Remainder of title the erosion of colonial power in India /
Statement of responsibility, etc. by Sucheta Mahajan.
260 ## - PUBLICATION, DISTRIBUTION, ETC. (IMPRINT)
Place of publication, distribution, etc. New Delhi ;
-- London :
Name of publisher, distributor, etc. Sage Publications,
Date of publication, distribution, etc. 2000.
300 ## - PHYSICAL DESCRIPTION
Pagination 425 p. :
Illustrations ill. ;
Size 23 cm.
490 1# - SERIES STATEMENT
Series statement Sage series in modern Indian history ;
Volume/sequential designation 1
504 ## - BIBLIOGRAPHY, ETC. NOTE
Bibliography, etc Includes bibliographical references and index.
650 #0 - SUBJECT ADDED ENTRY--TOPICAL TERM
Topical term or geographic name as entry element India
General subdivision Politics and government
Chronological subdivision 1919-1947
9 (RLIN) 190484
Topical term or geographic name as entry element Nationalism
Geographic subdivision India
9 (RLIN) 190485
Topical term or geographic name as entry element Communalism
Geographic subdivision India.
9 (RLIN) 132361
651 #0 - SUBJECT ADDED ENTRY--GEOGRAPHIC NAME
Geographic name India
General subdivision History
Geographic subdivision Partition, 1947.
9 (RLIN) 166897
830 #0 - SERIES ADDED ENTRY--UNIFORM TITLE
Uniform title Sage series in modern Indian history ;
Volume number/sequential designation v. 1.
942 ## - ADDED ENTRY ELEMENTS (KOHA)
Source of classification or shelving scheme Dewey Decimal Classification
Koha item type Books
Holdings
Lost status Source of classification or shelving scheme Damaged status Not for loan Collection code Permanent Location Current Location Shelving location Date acquired Source of acquisition Cost, normal purchase price Total Checkouts Full call number Date last seen Copy number Koha item type
  Dewey Decimal Classification     Non-fiction Central Library, University of Rajshahi Central Library, University of Rajshahi   29/07/2008 dhaka, paragon Enterprice ltd. 24.00   954.0359 MAI 2000 26/11/2016 C-2 Books
  Dewey Decimal Classification   Not For Loan Non-fiction Central Library, University of Rajshahi Central Library, University of Rajshahi Reading Room 29/07/2008 dhaka, paragon Enterprice ltd 24.00   954.0359 MAI 2000 08/02/2017 C-1 Books